| 000 | 00682nam a22002057a 4500 | ||
|---|---|---|---|
| 005 | 20251108175415.0 | ||
| 008 | 250721s9999 xx 000 0 ara d | ||
| 082 | 1 | 4 | _aط/372.21/خول |
| 100 | 1 | _aالخولي، نادية | |
| 245 | 1 | 0 | _aكتب كتب / |
| 264 | 1 |
_aبيروت : _bأصالة للطباعة و النشر، |
|
| 300 | _a10ص : مص | ||
| 490 | 0 |
_aكلمة كلمة : المرحلة الثانية _v6 |
|
| 650 | 1 | 7 | _aتعليم القراءة |
| 650 | 1 | 7 | _aالتعليم ما قبل المدرسة |
| 653 | _aأطفال ما قبل المدرسة (0-5) سنوات | ||
| 700 | 1 |
_aالسيد، شريف _eرسام |
|
| 942 |
_2ddc _cBK |
||
| 999 |
_c133396 _d133396 |
||